¿De que serie/película son estos personajes? - Estadísticas

Estadísticas generales
  • Esta prueba ha sido intentada 268 veces
  • La puntuación promedio es 10 de 15
Estadísticas de respuestas
Personaje Serie/peli % Correcto
Calamardo Bob esponja
97%
Albus Dumbeldore Harry Potter
91%
Nairobi La casa de papel
85%
Ned Flanders Los simpson
85%
Antonio Recio La que se avecina
80%
Tony stark Iron man
77%
Leia organa Star wars
62%
Arya stark Juego de tronos
60%
Chuk Bass Gossip girl
55%
Will byers Stranger things
52%
Barney stinson Como conocí a vuestra madre
48%
Michael Scott The office
46%
Amy farrah fowler The big bang theory
45%
Penelope featherington Los bridgerton
44%
Claire Pritchett Modern family
42%
No se encontraron pruebas coincidentes
Distribución de puntuación
Porcentaje de gente con cada puntuación
Porcentaje por número respondido
Historial de tus puntuaciones
No has intentado esta prueba.